Silver nanoparticles effects on dendritic cells: toxicity and phenotypic implications; European Journal of Immunology (EJI); Vol. 48, iss. S1 : 15th International Symposium on Dendritic Cells

Detaylı Bibliyografya
Parent link:European Journal of Immunology (EJI)
Vol. 48, iss. S1 : 15th International Symposium on Dendritic Cells.— 2018.— [P-196, 130-131]
Müşterek Yazar: Национальный исследовательский Томский политехнический университет Исследовательская школа химических и биомедицинских технологий
Diğer Yazarlar: Garcia-Garcia M. R. Maritza, Castro-Gamboa S., Pinon-Zarate G., Rojas-Lemus M., Jarquin-Yanez K., Herrera-Enriquez M. A., Fortoul van der Goes T. I., Garcia-Iglesias T., Pestryakov A. N. Aleksey Nikolaevich
Özet:Title screen
Режим доступа: по договору с организацией-держателем ресурса
Dil:İngilizce
Baskı/Yayın Bilgisi: 2018
Konular:
Online Erişim:https://doi.org/10.1002/eji.201871000
Materyal Türü: Elektronik Kitap Bölümü
KOHA link:https://koha.lib.tpu.ru/cgi-bin/koha/opac-detail.pl?biblionumber=667814

MARC

LEADER 00000naa0a2200000 4500
001 667814
005 20250528150903.0
035 |a (RuTPU)RU\TPU\network\39025 
035 |a RU\TPU\network\33719 
090 |a 667814 
100 |a 20220422d2018 k||y0rusy50 ba 
101 0 |a eng 
102 |a US 
135 |a drcn ---uucaa 
181 0 |a i  
182 0 |a b 
200 1 |a Silver nanoparticles effects on dendritic cells: toxicity and phenotypic implications  |f M. R. Garcia-Garcia, S. Castro-Gamboa, G. Pinon-Zarate [et al.] 
203 |a Текст  |c электронный 
300 |a Title screen 
333 |a Режим доступа: по договору с организацией-держателем ресурса 
461 |t European Journal of Immunology (EJI)  
463 |t Vol. 48, iss. S1 : 15th International Symposium on Dendritic Cells  |o abstract book, 10–14 June 2018, Aachen, Germany  |v [P-196, 130-131]  |d 2018 
610 1 |a электронный ресурс 
610 1 |a труды учёных ТПУ 
701 1 |a Garcia-Garcia  |b M. R.  |g Maritza 
701 1 |a Castro-Gamboa  |b S. 
701 1 |a Pinon-Zarate  |b G. 
701 1 |a Rojas-Lemus  |b M. 
701 1 |a Jarquin-Yanez  |b K. 
701 1 |a Herrera-Enriquez  |b M. A. 
701 1 |a Fortoul van der Goes  |b T. I. 
701 1 |a Garcia-Iglesias  |b T. 
701 1 |a Garcia-Iglesias  |b T. 
701 1 |a Pestryakov  |b A. N.  |c Chemist  |c Professor of Tomsk Polytechnic University, Doctor of Chemical Science  |f 1963-  |g Aleksey Nikolaevich  |3 (RuTPU)RU\TPU\pers\30471  |9 14796 
712 0 2 |a Национальный исследовательский Томский политехнический университет  |b Исследовательская школа химических и биомедицинских технологий  |c (2017- )  |3 (RuTPU)RU\TPU\col\23537 
801 2 |a RU  |b 63413507  |c 20220422  |g RCR 
850 |a 63413507 
856 4 |u https://doi.org/10.1002/eji.201871000  |z https://doi.org/10.1002/eji.201871000 
942 |c CF